| 000 | 00637nam a2200169 a 4500 | ||
|---|---|---|---|
| 001 | 000043294 | ||
| 005 | 20201002040809.0 | ||
| 008 | 140304s2010 dr 000 0 spa d | ||
| 040 |
_aDO-SdBNP _bspa _cBNPHU |
||
| 100 | 1 |
_aRodríguez Cabrer, Miguel Antonio _92259 |
|
| 245 | 1 | 0 |
_aGeopolítica del caribe insular y centroamerica / _cMiguel Antonio Rodríguez Cabrer. |
| 260 |
_aSanto Domingo, : _bUNICARIBE, _c2010 _fSomos Artes Gráficas |
||
| 300 |
_a50 p. ; _c24 cm. |
||
| 490 | 1 |
_aCuadernos Diplomáticos _v2 |
|
| 710 | 1 | 2 |
_aUniversidad del Caribe _bEscuela de Relaciones Internacionales _970929 |
| 830 | 0 |
_aCuadernos Diplomáticos _n2 _970931 |
|
| 999 |
_c42783 _d42783 |
||